000 00308nam a2200121Ia 4500
008 180117s9999 xx 000 0 und d
100 _aby Zac Sarian
245 _aAGri-Talk
260 _c2017
300 _a25 pages, 2017 June 18
440 _aPhilippine Panorama
650 _aCLEVER WAY TO SAVE BIG AMOUNT
999 _c353627
_d353627